Project Management: A Managerial Approach (Record no. 46011)

MARC details
000 -LEADER
fixed length control field 00460nam a2200181Ia 4500
008 - FIXED-LENGTH DATA ELEMENTS--GENERAL INFORMATION
fixed length control field 230524s9999 xx 000 0 und d
020 ## - INTERNATIONAL STANDARD BOOK NUMBER
ISBN 9788126517466
082 ## - DEWEY DECIMAL CLASSIFICATION NUMBER
Classification number 658.12
Item number MER
100 ## - MAIN ENTRY--AUTHOR NAME
Personal name Jack R.Meredith
245 #0 - TITLE STATEMENT
Title Project Management: A Managerial Approach
250 ## - EDITION STATEMENT
Edition statement 6TH
260 ## - PUBLICATION, DISTRIBUTION, ETC. (IMPRINT)
Place of publication NEW DELHI
Name of publisher John Wiley
Year of publication 2009
300 ## - PHYSICAL DESCRIPTION
Number of Pages XVII;658
500 ## - GENERAL NOTE
General note Quantity Number: 2
650 ## - SUBJECT ADDED ENTRY--TOPICAL TERM
Topical Term Management
700 ## - ADDED ENTRY--PERSONAL NAME
Personal name Samuel J.Mantel
942 ## - ADDED ENTRY ELEMENTS (KOHA)
Koha item type Books
Holdings
Lost status Damaged status Permanent Location Current Location Shelving location Date acquired Full call number Accession Number Koha item type
    Central Library, Trident Academy of Technology Central Library, Trident Academy of Technology General Stacks 05/24/2023 658.12 MER 36180 Books
    Central Library, Trident Academy of Technology Central Library, Trident Academy of Technology General Stacks 05/24/2023 658.12 MER 36181 Books
Trident Academy of Technology © 2023.
All rights reserved.                                                                                                                                                                                                        Designed by Team of Central Library .

Powered by Koha